Bathymetric navigation and charting (Record no. 1371551)

MARC details
000 -LEADER
fixed length control field 00618nam a2200205Ia 4500
005 - DATE AND TIME OF LATEST TRANSACTION
control field 20250508161703.0
008 - FIXED-LENGTH DATA ELEMENTS--GENERAL INFORMATION
fixed length control field 008 250505s9999 xx 000 0 eng d
020 ## - INTERNATIONAL STANDARD BOOK NUMBER
International Standard Book Number 0-87021-094-7
037 ## - SOURCE OF ACQUISITION
Stock number Textual
040 ## - CATALOGING SOURCE
Original cataloging agency FEDL
Language of cataloging eng
Transcribing agency FEDL
041 ## - LANGUAGE CODE
Language code of text/sound track or separate title eng
Source of code eng
084 ## - COLON CLASSIFICATION NUMBER
Classification number 623.89, COH
Assigning agency FEDL
100 ## - MAIN ENTRY--PERSONAL NAME
Personal name Cohen Philip M
9 (RLIN) 771336
245 #0 - TITLE STATEMENT
Title Bathymetric navigation and charting
260 ## - PUBLICATION, DISTRIBUTION, ETC.
Place of publication, distribution, etc. Annapolis
Name of publisher, distributor, etc. United States Naval Institute
Date of publication, distribution, etc. 1970
300 ## - PHYSICAL DESCRIPTION
Extent xiii,138p
490 ## - SERIES STATEMENT
Series statement United States naval institute series in oceanography
942 ## - ADDED ENTRY ELEMENTS (KOHA)
Koha item type Textual
Classification part 623.89, COH
Holdings
Withdrawn status Lost status Damaged status Not for loan Home library Current library Date acquired Total Checkouts Full call number Barcode Date last seen Price effective from Koha item type
        Department of Education Library Department of Education Library 2025-05-08   623.89, COH EL0059563 2025-05-08 2025-05-08 Textual
Copyright @ Delhi University Library System